00666nam a2200193 a 450000100100000000500170001000800410002702000150006804000250008310000260010824000290013424500690016326000320023230000110026450000340027570000350030995201110034499900170045500004041720201002034124.0130823s1985 sp 000 0 spa d a843500760X aDO-SdBNPbspacBNPHU1 aGreene, Graham93820714aThe comedianslEspañol14aLos comediantes /cGraham Greene ; traducción Enrique Pezzoni. aBarcelona :bEdhasa,c1985. a361 p. aTraducido del idioma inglés1 aPezzoni Enrique,etrad.962981 001054708MOaGRbGRcCTd2013-08-23iLF1l0o p40417-10r2020-06-25w2020-06-25y4ZPréstamo en sala c39907d39907